Business law : (Record no. 3947)

MARC details
000 -LEADER
fixed length control field 00765cam a2200169 a 4500
020 ## - INTERNATIONAL STANDARD BOOK NUMBER
ISBN 9780324153552
020 ## - INTERNATIONAL STANDARD BOOK NUMBER
ISBN 0324153554
050 ## - CALL NUMBER
Classification number KF 889.6
100 ## - AUTHOR
Personal name David P Twomey; Marianne Jennings
245 ## - TITLE
Title Business law :
Remainder of title principles for today's commercial environment /
Statement of responsibility, etc David P. Twomey, Marianne Moody Jennings.
260 ## - PUBLICATION INFORMATION
Place of publication [Mason, Ohio] :
Name of publisher Thomson/South-Western West,
Year of publication 2004
300 ## - DESCRIPTION
Number of Pages xxi, 1194 p. :
Other physical details ill ;
Dimensions 27 cm.
500 ## - NOTES
General note Includes index.
505 ## - FORMATTED CONTENTS NOTE
Table of Content The legal and social environment of business --<br/>Contracts --<br/>Sales and leases of goods --<br/>Negotiable instruments --<br/>Debtor-creditor relationships --<br/>Agency and employment --<br/>Business organizations --<br/>Real property and estates.
650 ## - SUBJECTS
Topical Term Commercial law
942 ## - ADDED ENTRY ELEMENTS (KOHA)
Koha item type Books
Holdings
Withdrawn status Lost status Home library Current library Shelving location Date acquired Full call number Accession Number Koha item type
    Methodist University Library Tema Methodist University Library Tema General Stacks 10/09/2008 KF 889.6 20657 Books
Copyright © 2026  MUG Library